LEADER 00969nam a2200169 i 4500 001 000000149375 003 CaOOAMICUS 005 20060331000000.0 008 060331s1994 it u000 u ita u 013 $a126695 040 $aSeMil$bita 245 10$aFrancia, Principato di Monaco, Portogallo, Spagna, Andorra, Italia, Cittą del Vaticano, San Marino, Slovenia, Croazia, Bosnia Erzegovina, Iugoslavia, Macedonia, Albania, Grecia, Bulgaria, Turchia Occidentale, Malta. 300 $a275 p. :$bill. 773 0 $tAtlante per viaggiare in Europa.$dMilano : Touring Club Italiano, copyr. 1994.$g1$w()15604 850 $aSeMil 852 $aSeMil$W1$xVenegono$y1$m1373 10 1 *$j101639$B101639$CSeMilBibl$Z2$F110453 $81 996 $6245$aFrancia, Principato di Monaco, Portogallo, Spagna, Andorra, Italia, Cittą del Vaticano, San Marino, Slovenia, Croazia, Bosnia Erzegovina, Iugoslavia, Macedonia, Albania, Grecia, Bulgaria, Turchia Occidentale, Malta$9(OLS)http://semarc/title/218370 LEADER 00832nas a2200217 i 4500 001 000000158960 003 CaOOAMICUS 005 20070215000000.0 008 070215b it uu u0 0ita r 013 $a136323 040 $aSeMil$bita 245 10$aLombardia. 260 $aMilano :$bE.I.A. Edizioni Italia Artistica,$c[1927] 300 $a1 v., [24] c. di tav. a colori :$briccamente ill. ;$c49 cm. 773 0 $tBellezze d'Italia.$dMilano : E.I.A. Edizioni Italia Artistica, [1924]?.$w()17268 774 0 $t[vedi periodico].$w()265866 850 $aSeMil 852 $aSeMil$W1$xVenegono$y1$m5M XII 7$j110548$B110548$CSeMilBibl$Z2$F120192 $8I 961 $aRecupero: Altro 996 $6245$aLombardia$9(OLS)http://semarc/title/15887 996 $6260$aMilano :$bE.I.A. Edizioni Italia Artistica$9(OLS)http://semarc/publisher/34150